00876nam a22001695a 4500001001300000003000900013005001700022008004100039020001800080040002800098082001700126245030400143260005600447300001100503500016000514650003200674C01573208c-1CO-ViMGA20230915233553.0170530s g 000 0dspa d a9789587532449 aCO-ViMGAbspacCO-ViMGA04a709.86 bA8610aPsicotropismos : drogas, espectros y alucinaciones para la transformación de ahora = psychotropisms : drugs, specters and hallucinations for the transformation of the present / cBrigitte Baptiste, Rafael Castellanos.bMemorias del seminario realizado en el marco del 44 Salon Nacional de Artistas bMinisterio de Cultura, Alcaldía de Pereira.c2016 a178 p. adiscusiones sobre la construcción social, política y cultural del uso de sustancias psicoactivas y las implicaciones de lo alucinatorio en la sociedad.14aArte colombianovSeminarios